Equivalence, invariants and symmetry / (Record no. 28759)

000 -LEADER
fixed length control field 01093 a2200313 4500
020 ## - INTERNATIONAL STANDARD BOOK NUMBER
International Standard Book Number 0521101042
020 ## - INTERNATIONAL STANDARD BOOK NUMBER
International Standard Book Number 9780521101042
082 04 - DEWEY DECIMAL CLASSIFICATION NUMBER
Classification number 512
090 ## - LOCALLY ASSIGNED LC-TYPE CALL NUMBER (OCLC); LOCAL CALL NUMBER (RLIN)
-- 120
-- 120
100 1# - MAIN ENTRY--PERSONAL NAME
Personal name Olver, Peter J.
245 10 - TITLE STATEMENT
Title Equivalence, invariants and symmetry /
Statement of responsibility, etc. Peter J. Olver.
250 ## - EDITION STATEMENT
Edition statement 1st ed.
260 ## - PUBLICATION, DISTRIBUTION, ETC.
Place of publication, distribution, etc. [S.l.] :
Name of publisher, distributor, etc. Cambridge University Press,
Date of publication, distribution, etc. 2009.
300 ## - PHYSICAL DESCRIPTION
Extent 544 p. ;
Dimensions 23 cm.
500 ## - GENERAL NOTE
General note Paperback.
650 #4 - SUBJECT ADDED ENTRY--TOPICAL TERM
Topical term or geographic name entry element Science/Mathematics.
650 #4 - SUBJECT ADDED ENTRY--TOPICAL TERM
Topical term or geographic name entry element Algebra.
650 #4 - SUBJECT ADDED ENTRY--TOPICAL TERM
Topical term or geographic name entry element Geometry.
650 #4 - SUBJECT ADDED ENTRY--TOPICAL TERM
Topical term or geographic name entry element Mathematics & science.
650 #4 - SUBJECT ADDED ENTRY--TOPICAL TERM
Topical term or geographic name entry element Mathematics.
650 #4 - SUBJECT ADDED ENTRY--TOPICAL TERM
Topical term or geographic name entry element Algebra - General.
650 #4 - SUBJECT ADDED ENTRY--TOPICAL TERM
Topical term or geographic name entry element Differential Equations.
650 #4 - SUBJECT ADDED ENTRY--TOPICAL TERM
Topical term or geographic name entry element MATHEMATICS / Differential Equations.
650 #4 - SUBJECT ADDED ENTRY--TOPICAL TERM
Topical term or geographic name entry element Mathematics / Algebra / General.
650 #4 - SUBJECT ADDED ENTRY--TOPICAL TERM
Topical term or geographic name entry element Mathematics : Differential Equations.
942 ## - ADDED ENTRY ELEMENTS (KOHA)
Institution code [OBSOLETE] SNS
Koha item type Book
Call number prefix 515.3 OLV
Holdings
Withdrawn status Lost status Damaged status Not for loan Permanent Location Current Location Date acquired Total Checkouts Full call number Barcode Date last seen Date last checked out Price effective from Koha item type Source of classification or shelving scheme Shelving location
        School of Natural Sciences (SNS) School of Natural Sciences (SNS) 05/26/2016 1 515.3 OLV SNS0000011 05/28/2019 03/18/2019 05/26/2016 Book    
      Not For Loan School of Natural Sciences (SNS) School of Natural Sciences (SNS) 05/26/2016 1 515.3 OLV SNS0000012 01/03/2022 02/12/2020 05/26/2016 Book   Reference
© 2023 Central Library, National University of Sciences and Technology. All Rights Reserved.